00534nam a2200193Ia 450000500170000000800410001702000150005808200130007324500270008626000440011330000200015765000100017765000080018765000090019570000200020494200060022495200950023099900150032520240531031019.0240331s9999 xx 000 0 und d a0195073975 bFEMa340 0aFeminist jurisprudence aNew YorkbOxford University Pressc1993 axii, 625 p .,  aWomen aSex aLaws aSmith, Patricia cL 001040708LaWERCLbWERCLcSSCd2024-03-31l0o 340 FEMp2190r2024-03-31w2024-03-31yL c2801d2801